00480 2200181 4500001002100000005001500021035002000036245005200056100002100108250001700129300003200146260003900178082000800217084001400225020002200239650001500261500002200276INLIS00000000000059120240822093804 a0010-08240001091 aKelompok Penyayang Binatang /cRahmat Margajaya0 aRahmat Margajaya acetakan ke-1 aiv, 60 hlm :bIlus ;c21 cm aJakarta :bAzka Mulia Media,c2007 a813 a813 RAH k a978-979-1211-22-2 4aFiksi Anak aSeri Budi Pekerti